000 00631nam a22002297a 4500
005 20250218140937.0
010 _aENG-143844
020 _c1350.00
_a9789354429293
035 _aEN-127376
037 _bDBAD
082 _a301.0945
100 _aTrivedi Harish
_977805
245 _aPassage of india/
_cHarish Trivedi
260 _aTelanagan
_bOrient Blackswan Private Limited
_c2024
270 _a3-6-752 Himayatnagar , Hyderabad
_bTelengana
_e500029
300 _a243pg.
_c21cm(pb)
700 _961951
700 _961952
700 _961953
700 _961954
942 _2ddc
_cEN
_mTRI
_h301.0954
999 _c209226
_d209226